Modern-Day Countries in the Mongol Empire - Statistics

General Stats
  • This quiz has been taken 142 times
  • The average score is 25 of 28
Answer Stats
Rough % Modern Country % Correct
99 China
100%
25 Russia
98%
5 India
96%
100 Mongolia
96%
100 Kazakhstan
94%
70 Pakistan
94%
100 Iran
93%
55 Iraq
93%
100 Kyrgyzstan
93%
100 North Korea
93%
100 South Korea
93%
100 Uzbekistan
93%
100 Turkmenistan
92%
95 Ukraine
92%
100 Afghanistan
91%
100 Armenia
91%
100 Tajikistan
90%
100 Azerbaijan
89%
100 Georgia
89%
80 Turkey
89%
95 Belarus
88%
50 Romania
85%
10 Syria
85%
1 Vietnam
84%
1 Laos
81%
5 Poland
80%
100 Moldova
77%
3 Myanmar
75%
No matching quizzes found
Score Distribution
Percent of People with Each Score
Percentile by Number Answered
Your Score History
You have not taken this quiz